Pushing the limits with iOS 5 programming : developing extraordinary mobile apps for Apple iPhone, iPad and iPod touch (Record no. 10758)
[ view plain ]
| 000 -LEADER | |
|---|---|
| fixed length control field | 00488 a2200157 4500 |
| 020 ## - INTERNATIONAL STANDARD BOOK NUMBER | |
| International Standard Book Number | 9781119961321 |
| 040 ## - CATALOGING SOURCE | |
| Original cataloging agency | DLC |
| Language of cataloging | DLC |
| 082 ## - DEWEY DECIMAL CLASSIFICATION NUMBER | |
| Classification number | 005.446 |
| 100 ## - MAIN ENTRY--PERSONAL NAME | |
| Personal name | Napier, Robert |
| 245 ## - TITLE STATEMENT | |
| Title | Pushing the limits with iOS 5 programming : developing extraordinary mobile apps for Apple iPhone, iPad and iPod touch |
| Statement of responsibility, etc. | Napier, Robert |
| 260 ## - PUBLICATION, DISTRIBUTION, ETC. | |
| Place of publication, distribution, etc. | USA |
| Name of publisher, distributor, etc. | Wiley |
| Date of publication, distribution, etc. | 2012 |
| 300 ## - PHYSICAL DESCRIPTION | |
| Extent | 407 p. |
| 650 ## - SUBJECT ADDED ENTRY--TOPICAL TERM | |
| Topical term or geographic name entry element | Application software--Development |
| 700 ## - ADDED ENTRY--PERSONAL NAME | |
| Personal name | Napier, Robert |
| 942 ## - ADDED ENTRY ELEMENTS (KOHA) | |
| Koha item type | Book |
| Call number prefix | 005.446 NAP |
| Source of classification or shelving scheme | |
| Withdrawn status | Lost status | Damaged status | Not for loan | Collection code | Permanent Location | Current Location | Shelving location | Date acquired | Source of acquisition | Cost, normal purchase price | Total Checkouts | Full call number | Barcode | Date last seen | Price effective from | Koha item type |
|---|---|---|---|---|---|---|---|---|---|---|---|---|---|---|---|---|
| Central Library (CL) | Central Library (CL) | First Floor - Operating System/ Data Structure | 03/19/2012 | Progressive International Agencies | 3271.18 | 005.446 NAP | SEECS010913 | 11/14/2012 | 01/05/2017 | Book |
